00993 2200337 4500001002100000005001500021035002000036007000300056008004100059020002200100040002200122082001200144084001400156090001800170090002200188100003600210245010800246250001200354300003700366650001100403700003000414850001200444504003200456264003000488264001900518336002100537337003000558338002300588999002200611990002200633INLIS00000000085559920200619105054 a0010-0620000012ta200619 2019 yoia g | ind d a978-623-01-0119-9 aYOPDYOGbinderda04223a650 a650 HEN m aDEP 650 HEN m aCB-D.11 2019-25580 aHenricus W. Ismanthonoepenulis10aMaster your business communication skills /cpenulis, Henricus W. Ismanthono; penyunting, Purindraswari aEdisi I av, 181 halaman :btabel ;c23 cm 4aBisnis0 aPurindraswariepenyunting aYOPDYOG aBibliografi : halaman [182]31aYogyakarta :bAndi,c201931a©2019 penulis 2rdacontentateks 2rdamediaatanpa perantara 2rdacarrieravolume aCB-D.11/2019-2558 aCB-D.11/2019-2558